000 002310000a22000970004500
100 1 _aMaines, Ron
245 1 0 _aWhen disaster strikes : How do we help?
300 _aNúm 13 (1986), Páginas 32-35
773 0 _tTogether
942 _cANA
999 _c56536
_d56536